000 00289nam a22001337a 4500
003 SGT
020 _a9780969981671
082 _a341.23
_bFOS
100 _aFOSTER JOHN W
245 _aWHOSE WORLD IS IT ANYWAY
260 _aCANADA
_bUN ASSOCIATION
_c1998
300 _a348
942 _2ddc
_cBK
999 _c33362
_d33362